Statistics for Europe Analogies

Click here to take the quiz!

General Stats

  • This quiz has been taken 1,086 times
    (1,071 since last reset)
  • The average score is 9 of 20

Answer Stats

This is to this …As …% Correct
Beatrix is to NetherlandsJuan Carlos is to {Spain}
93%
London is to the ThamesParis is to the {Seine}
81%
Benedict XVI to GermanyJohn Paul II to {Poland}
73%
Ukraine is to Soviet UnionSlovenia is to {Yugoslavia}
73%
Atlético is to MadridBayern is to {Munich}
72%
Leonardo da Vinci is to RenaissanceMonet is to {Impressionism}
54%
Madrid is to Barajas{Amsterdam} is to Schiphol
53%
ABBA is to SwedenDaft Punk is to {France}
53%
Constantinople is to IstanbulNeapolis is to {Naples}
52%
Poland is to złoty{Czech} {Republic} is to koruna
49%
Atlantic Ocean is to the West{Mediterranean} {Sea} is to the South
47%
E=mc2 is to EinsteinF=ma is to {Newton}
46%
United Kingdom is to CromwellFrance is to {Napoleon}
36%
Pyrenees is to AnetoThe Alps is to {Mont} {Blanc}
31%
Biro is to HungarySkype is to {Estonia}
28%
TAP is to Portugal{Aeroflot} is to Russia
21%
Birgitte Nyborg is to BorgenDavid Brent is to {The} {Office}
16%
Mount Etna is to Sicily{Mount} {Teide} is to Tenerife
9%
Thatcher is to the United Kingdom{Robinson} is to Ireland
6%
Summer is to AthensWinter is to {Chamonix}
3%

Score Distribution

Percentile by Number Answered

Percent of People with Each Score

Your Score History

You have not taken this quiz since the last reset